Slepá mapa světa - Statistics

General Stats
  • This quiz has been taken 103 times
  • The average score is 119 of 196
Answers on the Map
Answers color-coded by a green-red scale on the quiz's map according to % correct below.
 
Answer Stats
Country % Correct
Spojené Státy
94%
Čína
91%
Kanada
91%
Německo
91%
Česká republika
89%
Finsko
89%
Francie
89%
Japonsko
89%
Mongolsko
89%
Norsko
89%
Polsko
89%
Rusko
89%
Švédsko
89%
Ukrajina
89%
Brazilie
86%
Indie
86%
Itálie
86%
Slovensko
86%
Belgie
83%
Bělorusko
83%
Kazachstán
83%
Maďarsko
83%
Rakousko
83%
Španělsko
83%
Švýcarsko
83%
Argentina
80%
Austrálie
80%
Egypt
80%
Estonsko
80%
Irák
80%
Írán
80%
Irsko
80%
Jižní Korea
80%
Moldavsko
80%
Portugalsko
80%
Řecko
80%
Severní Korea
80%
Slovinsko
80%
Sudán
80%
Turecko
80%
Bosna a Hercegovina
77%
Chile
77%
Dánsko
77%
Indonésie
77%
Litva
77%
Lotyšsko
77%
Lucembursko
77%
Mexiko
77%
Niger
77%
Nový Zéland
77%
Peru
77%
Rumunsko
77%
Spojené Království
77%
Srbsko
77%
Vietnam
77%
Alžírsko
74%
Bolívie
74%
Bulharsko
74%
Černá Hora
74%
Chorvatsko
74%
Kuba
74%
Libye
74%
Maroko
74%
Nigerie
74%
Nizozemsko
74%
Tunisko
74%
Island
71%
Jihoafrická republika
71%
Albánie
69%
Andora
69%
Arménie
69%
Jižní Sudan
69%
Kolumbie
69%
Kosovo
69%
Monako
69%
Srí Lanka
69%
Vatikán
69%
Venezuela
69%
Afghanistán
66%
Ekvádor
66%
Izrael
66%
Madagaskar
66%
Nepál
66%
Omán
66%
Panama
66%
Paraguay
66%
Pobřeží Slonoviny
66%
Republika Kongo
66%
San Marino
66%
Saudská Arábie
66%
Spojené Arabské Emiráty
66%
Sýrie
66%
Tanzánie
66%
Uruguay
66%
Bhútan
63%
Čad
63%
Dem. Rep. Kongo
63%
Filipíny
63%
Jamajka
63%
Jemen
63%
Keňa
63%
Myanmar
63%
Severní Makedonie
63%
Thajsko
63%
Turkmenistán
63%
Ázerbajdžán
60%
Etiopie
60%
Laos
60%
Lichtenstějnsko
60%
Pákistán
60%
Uganda
60%
Uzbekistán
60%
Honduras
57%
Jordánsko
57%
Maledivy
57%
Mali
57%
Malta
57%
Rwanda
57%
Zimbabwe
57%
Bangladeš
54%
Gruzie
54%
Kambodža
54%
Katar
54%
Středoafrická republika
54%
Surinam
54%
Dominika
51%
Kypr
51%
Malajsie
51%
Mauritánie
51%
Nikaragua
51%
Somálsko
51%
Tádžikistán
51%
Togo
51%
Zambie
51%
Bahrajn
49%
Eritrea
49%
Ghana
49%
Kamerun
49%
Libanon
49%
Libérie
49%
Namibie
49%
Papua Nová Guinea
49%
Senegal
49%
Singapur
49%
Angola
46%
Burkina Faso
46%
Guatemala
46%
Guinea
46%
Guyana
46%
Haiti
46%
Lesotho
46%
Salvador
46%
Dominikánská republika
43%
Kuvajt
43%
Kyrgystán
43%
Malawi
43%
Benin
40%
Botswana
40%
Kostarika
40%
Východní Timor
40%
Bahamy
37%
Brunej
37%
Džibutsko
37%
Guinea Bissau
37%
Mosambik
37%
Rovníková Guinea
37%
Seychely
37%
Svatá Lucie
37%
Tuvalu
37%
Belize
34%
Burundi
34%
Fidži
34%
Kapverdy
34%
Samoa
34%
Sierra Leone
34%
Svazijsko
34%
Trinidad and Tobago
34%
Antigua and Barbuda
31%
Fed. státy Mikronésie
31%
Kiribati
31%
Komory
31%
Palau
31%
Svatý Kryštof a Nevis
31%
Svatý Tomáš a Princovi ostrovy
31%
Tonga
31%
Barbados
29%
Gabon
29%
Gambie
29%
Mauritius
29%
Nauru
29%
Taiwan
29%
Vanuatu
29%
Grenada
23%
Šalamounovy ostrovy
23%
Svatý Vincenc and Grenada
23%
Marshallovy ostrovy
20%
No matching quizzes found
Score Distribution
Percent of People with Each Score
Percentile by Number Answered
Your Score History
You have not taken this quiz